banner-ar

اومبرتو ايكو و الظاهرة الجمالية : (Record no. 62541)

MARC details
000 -الفاتح
حقل البيانات ثابتة الطول 00873nam a22002177a 4500
005 - وقت وتاريخ اخر تعامل مع التسجيلة
رقم الضبط 20240530110555.0
008 - عناصر البيانات ثابتة الطول - معلومات عامة
حقل البيانات ثابتة الطول 160809s2014 ua a f b 000 0dara d
017 ## - رقم الايداع القانونى
رقم الايداع القانونى 2013/20356
المصدر ( الهيئة المختصة) ليبيا . دار الكتب الوطنية
020 ## - الرقم الدولى المعيارى للكتب
الرقم الدولى المعيارى للكتاب 9789774951411
040 ## - مصدر الفهرسة
وكالة الفهرسة الأصلية EG-CaGPL
082 04 - رقم تصنيف ديوى العشرى
رقم الطبعة 21
رقم التصنيف 195\
رقم المادة س أ
100 0# - المدخل الرئيسى - إسم شخصى
الإسم الشخصى سامح الطنطاوى
245 10 - بيان العنوان
العنوان اومبرتو ايكو و الظاهرة الجمالية :
بقية العنوان دراسة فى الفلسفة الايطالية المعاصرة /
بيان المسئوليه,etc تاليف سامح الطنطاوى
250 ## - بيان الطبعة
بيان الطبعة ط. 1
260 ## - PUBLICATION, DISTRIBUTION, ETC. (IMPRINT)
تاريخ النشر أو التوزيع 2014 .
300 ## - الوصف المادى
التعداد 310 ص. :
تفاصيل ماديه اخرى للوعاء ايض ؛
أبعاد الوعاء 24 سم .
504 ## - تبصرة ببليوجرافية
تبصرة ببليوجرافية,الخ يشتمل على ارجاعات ببليوجرافية
650 04 - المدخل الاضافى بالموضوع-مصطلح موضوعى
مصطلح موضوعي الفلسفة الايطالية الحديثة
650 04 - المدخل الاضافى بالموضوع-مصطلح موضوعى
مصطلح موضوعي الجمال ، علم
942 ## - عناصر المدخل الإضافي( كوها)
مصدر التصنيف او مخطط الترفيف Dewey Decimal Classification
Koha [default] item type كتاب
260 ## - PUBLICATION, DISTRIBUTION, ETC. (IMPRINT)
-- القاهرة :
-- دار العالم العربى ،
Holdings
حالة التراجع حالة الفقد حالة تلف ليس للاعارة المكان المؤقت الموقع الحالى تاريخ الاكتساب اجمالي اﻻعارات رقم الطلب الباركود تاريخ اخر مشاهدة تاريخ تفعيل السعر نوع وعاء كوها
        مكتبة القاهرة الكبرى مكتبة القاهرة الكبرى 08/09/2016   195\ س أ 162304 08/09/2016 08/09/2016 كتاب

Powered By

EGPV